000 01232nam a2200349 a 4500
001 000111875
003 CHAP
005 20220329144233.0
008 150925s2015 mx a fsm |||||||spa d
010 _a108336
011 _a109308
040 _cCHAP
090 _aTesis
100 1 _aHernández Ruiz, Rolando
_954582
245 1 0 _aDiversidad y distribución de especies de IPS en la reserva de la biósfera Sierra Gorda, Querétaro /
_h[En línea]
_cpor Rolando Hernández Ruiz.
260 _aChapingo, Méx. :
_bEl autor,
_c2015.
500 _aPara ver el contenido del material haga clic en la liga
502 _aTesis (M.C. en Ciencias Forestales) -- UACH. División de Ciencias Forestales
590 _aE6096MTM
_b05
_c20150925
_lUCH01
_h1423
590 _aE6096MTM
_b05
_c20150925
_lUCH01
_h1428
650 1 4 _aBosques
_xPlagas.
_914363
650 1 4 _aBosques
_xQuerétaro.
_914374
650 1 4 _aDiversificación.
_933009
650 1 4 _aEspecies.
_937790
650 1 4 _aInsectos
_xDistribución geográfica.
_958912
650 1 4 _aIps.
_960318
650 1 4 _aReserva de la biosfera.
_996101
856 _aFinding aid
_uhttp://10.13.5.2/tesis/sist111875.pdf
_zTeclea aquí
901 _aBK
942 _cTESIS
942 _n0
999 _c108336
_d108336